La dolorosa pasion de N. S. Jesucristo, segun las meditaciones de Sor Ana Catalina Emmerich, religiosa augustina del Convento de Agnetemberg de Dulmen ; traducida del francés, mandada imprimir por los M. Rdos. PP. de la misma Orden Fr. Miguel Huerta, ex-general, y Fr. Manuel Buzeta, actual comisario general de las misiones de Filipinas

Detalles Bibliográficos
Otros Autores: Emmerich, Anna Catalina, 1774-1824, Huerta, Miguel, ed, Buzeta, Manuel, ed
Formato: Libro
Lenguaje:Spanish
Publicado: Madrid : imp. de la Esperanza, á cargo de D. A. P. Dubrull, 1865.
Materias:
Colección:Banco de datos
Acervo:Biblioteca de la Orden de Carmelitas Descalzas de San José y Santa Teresa de Puebla. Puebla
Descripción Física:520 p., [4] h. ; 17 cm.
Tema general:Ascética
Notas:Portada tipográfica con grabado central xilográfico. Encuadernación en piel sobre cartón. Ex libris manuscrito en la guarda anterior: "del uso de la hermana Refugio con lisencsia de su prelada". Sello en tinta del Convento de Carmelitas D. de N. P. S. S. José y N. M. S. Teresa de Puebla
LEADER 01458nam a22002170004500
035 |a 114 
041 0 |a spa 
245 1 0 |a La dolorosa pasion de N. S. Jesucristo, segun las meditaciones de Sor Ana Catalina Emmerich, religiosa augustina del Convento de Agnetemberg de Dulmen ; traducida del francés, mandada imprimir por los M. Rdos. PP. de la misma Orden Fr. Miguel Huerta, ex-general, y Fr. Manuel Buzeta, actual comisario general de las misiones de Filipinas 
260 |a Madrid : imp. de la Esperanza, á cargo de D. A. P. Dubrull, 1865. 
300 |a 520 p., [4] h. ; 17 cm. 
500 |a Portada tipográfica con grabado central xilográfico. Encuadernación en piel sobre cartón. Ex libris manuscrito en la guarda anterior: "del uso de la hermana Refugio con lisencsia de su prelada". Sello en tinta del Convento de Carmelitas D. de N. P. S. S. José y N. M. S. Teresa de Puebla 
504 |a Al final de la obra está el índice de contenido 
504 |a Al final de la obra está el catálogo de publicaciones en venta de la casa impresora 
650 1 0 |a Ascética 
700 1 |a Emmerich, Anna Catalina, 1774-1824 
700 1 |a Huerta, Miguel, ed. 
700 1 |a Buzeta, Manuel, ed. 
949 |a Fondo Bibliográfico Antiguo de las Carmelitas Descalzas de San José y Santa Teresa, Puebla, Puebla 165 
942 |c CARMELITAS 
943 |g Biblioteca de la Orden de Carmelitas Descalzas de San José y Santa Teresa de Puebla. Puebla 
999 |c 950573  |d 950573